[Event "Vellmar op 7th"]
[Site "Vellmar"]
[Date "2015.08.06"]
[Round "1"]
[White "Stuckenschneider, Martin"]
[Black "Kersten, Uwe"]
[Result "0-1"]
[WhiteElo "1947"]
[BlackElo "2300"]
[PlyCount "86"]
[EventDate "2015.08.06"]
[EventType "swiss"]
[EventRounds "7"]
[EventCountry "GER"]
[SourceTitle "CBM 167 Extra"]
[Source "ChessBase"]
[SourceDate "2015.09.14"]
[SourceVersion "1"]
[SourceVersionDate "2015.09.14"]
[SourceQuality "1"]

1. d4 Nf6 2. c4 c5 3. d5 b5 4. cxb5 a6 5. b6 d6 6. Nc3 Qxb6 7. e4 g6 8. Nf3 Nbd7 9. h3 Bg7 10. Be2 0-0 11. 0-0 Ne8 12. Qc2 Nc7 13. a4 Qb7 14. Bg5 Re8 15. Rfd1 Rb8 16. Rab1 Qb3 17. Qc1 Nb6 18. a5 Nd7 19. Bh6 Bh8 20. Qf4 Qb4 21. Ng5 Nf6 22. g4 Bd7 23. Nxf7 Kxf7 24. g5 Kg8 25. gxf6 Bxf6 26. Bg4 Bxg4 27. Qxg4 Kh8 28. Rd3 Qb7 29. Rf3 Qc8 30. Qg3 Qd7 31. Bf4 Bg7 32. e5 Rf8 33. e6 Qe8 34. Bg5 Be5 35. Rxf8+ Qxf8 36. Qe3 Bd4 37. Qg3 Rb3 38. Rc1 Nxd5 39. Qh4 Nf6 40. Ne2 Be5 41. Nf4 Kg8 42. Bh6 Qa8 43. Re1 Qf3 0-1

[Event "Vellmar op-A 4th"]
[Site "Vellmar"]
[Date "2012.07.29"]
[Round "6"]
[White "Rieke, Theo"]
[Black "Stuckenschneider, Martin"]
[Result "1-0"]
[WhiteElo "2140"]
[BlackElo "1965"]
[PlyCount "71"]
[EventDate "2012.07.26"]
[EventType "swiss"]
[EventRounds "7"]
[EventCountry "GER"]
[SourceTitle "EXT 2014"]
[Source "ChessBase"]
[SourceDate "2013.11.20"]
[SourceVersion "1"]
[SourceVersionDate "2013.11.20"]
[SourceQuality "1"]

1. g3 Nf6 2. Bg2 g6 3. c4 Bg7 4. Nc3 c5 5. Nf3 0-0 6. 0-0 d5 7. d3 d4 8. Na4 Na6 9. a3 Nd7 10. Rb1 Rb8 11. b4 b6 12. e3 dxe3 13. Bxe3 cxb4 14. axb4 Bb7 15. Qc2 e5 16. Nc3 Qe7 17. Qa4 Rfd8 18. Ng5 Nf6 19. Rfd1 Bxg2 20. Kxg2 Qb7+ 21. f3 Nc7 22. Nge4 Ne6 23. Nxf6+ Bxf6 24. Nd5 Bg5 25. Re1 Bxe3 26. Rxe3 Rxd5 27. cxd5 Qxd5 28. Qb3 Qxb3 29. Rxb3 f6 30. Rb2 Rc8 31. f4 Rc3 32. fxe5 fxe5 33. Rxe5 Nd4 34. Re7 Nf5 35. Rxa7 Rxd3 36. Rba2 1-0

[Event "Vellmar op-A 4th"]
[Site "Vellmar"]
[Date "2012.07.28"]
[Round "4"]
[White "Sieber, Fiona"]
[Black "Stuckenschneider, Martin"]
[Result "0-1"]
[WhiteElo "1781"]
[BlackElo "1965"]
[PlyCount "72"]
[EventDate "2012.07.26"]
[EventType "swiss"]
[EventRounds "7"]
[EventCountry "GER"]
[SourceTitle "EXT 2014"]
[Source "ChessBase"]
[SourceDate "2013.11.20"]
[SourceVersion "1"]
[SourceVersionDate "2013.11.20"]
[SourceQuality "1"]

1. e4 c5 2. Nf3 d6 3. d4 cxd4 4. Nxd4 Nf6 5. Nc3 a6 6. Be3 e5 7. Nb3 Be6 8. f3 Be7 9. Qd2 Nbd7 10. 0-0-0 b5 11. g4 h6 12. Nd5 Bxd5 13. exd5 Nb6 14. Bxb6 Qxb6 15. Qe2 0-0 16. h4 Rfc8 17. Bh3 Rc4 18. Kb1 Nh7 19. Qe1 a5 20. Bf1 Rc7 21. Bd3 a4 22. Nc1 b4 23. g5 b3 24. c4 bxa2+ 25. Kxa2 Rb7 26. Rh2 Qc5 27. gxh6 g6 28. h5 Rab8 29. hxg6 fxg6 30. Qg3 Bg5 31. Rg1 Qd4 32. Rgg2 Kh8 33. f4 Bxf4 34. Qxg6 Bxh2 35. Qxd6 Rxb2+ 36. Ka3 Qc3+ 0-1

[Event "Staufenberg Muender op 1st"]
[Site "Staufenberg"]
[Date "2011.06.12"]
[Round "5"]
[White "Meyner, Hannes"]
[Black "Stuckenschneider, Martin"]
[Result "1-0"]
[WhiteElo "2198"]
[BlackElo "1989"]
[PlyCount "93"]
[EventDate "2011.06.10"]
[EventType "swiss"]
[EventRounds "7"]
[EventCountry "GER"]
[SourceTitle "CBM 142 Extra"]
[Source "ChessBase"]
[SourceDate "2011.06.27"]
[SourceVersion "1"]
[SourceVersionDate "2011.06.27"]
[SourceQuality "1"]

1. d4 Nf6 2. Nf3 g6 3. c4 Bg7 4. Nc3 d5 5. Bf4 0-0 6. Rc1 c6 7. e3 Qa5 8. Nd2 Nh5 9. Nb3 Qd8 10. Bg5 Be6 11. Nc5 b6 12. Nxe6 fxe6 13. Be2 Nf6 14. 0-0 Nbd7 15. Qb3 Qe8 16. Bf3 Rc8 17. Rfe1 Qf7 18. Bf4 h6 19. Bg3 g5 20. h3 h5 21. e4 c5 22. exd5 exd5 23. Nxd5 e6 24. Nc7 cxd4 25. Nxe6 Nc5 26. Nxc5 bxc5 27. Qd3 g4 28. hxg4 hxg4 29. Be4 Nxe4 30. Qxe4 Rce8 31. Qxg4 d3 32. Rxe8 Rxe8 33. Rd1 Qf6 34. Qh5 Re2 35. Rxd3 Rxb2 36. Rf3 Rb1+ 37. Kh2 Qa1 38. Qf7+ Kh7 39. Bd6 Rh1+ 40. Kg3 Rh6 41. Qf5+ Rg6+ 42. Kh2 Qd4 43. Rh3+ Bh6 44. Qf7+ Rg7 45. Qf5+ Rg6 46. Bf4 Qg7 47. Rxh6+ 1-0

[Event "Dortmund op-A"]
[Site "Dortmund"]
[Date "2004.07.26"]
[Round "4"]
[White "Trumpp, Lothar"]
[Black "Stuckenschneider, Martin"]
[Result "1/2-1/2"]
[WhiteElo "2080"]
[BlackElo "1876"]
[PlyCount "117"]
[EventDate "2004.07.??"]
[EventType "swiss"]
[EventRounds "9"]
[EventCountry "GER"]
[SourceTitle "EXT 2006"]
[Source "ChessBase"]
[SourceDate "2005.11.24"]
[SourceVersion "1"]
[SourceVersionDate "2005.11.24"]
[SourceQuality "1"]

1. Nc3 c5 2. Nf3 d6 3. d4 cxd4 4. Nxd4 Nf6 5. Bg5 e5 6. Ndb5 a6 7. Na3 b5 8. Nd5 Bb7 9. e4 Nbd7 10. c4 Bxd5 11. exd5 b4 12. Nc2 Qb8 13. Qf3 Be7 14. Ne3 Nxd5 15. Qxd5 Bxg5 16. Nf5 0-0 17. h4 Nb6 18. Qa5 Bf4 19. Qxb4 e4 20. g3 Be5 21. Ne7+ Kh8 22. Nc6 Qc7 23. Nxe5 dxe5 24. Be2 Rfd8 25. c5 Nd5 26. Qxe4 f5 27. Qc2 Qa5+ 28. Kf1 f4 29. g4 Rac8 30. Rc1 Qxa2 31. Rh3 Nb4 32. Qc3 Nc6 33. Bc4 Qa4 34. b3 Qa2 35. b4 Qa4 36. Rb1 Rd1+ 37. Rxd1 Qxd1+ 38. Qe1 Qxe1+ 39. Kxe1 Nxb4 40. Rb3 a5 41. Ke2 Rxc5 42. Bd3 g6 43. Bb1 Kg7 44. Kf3 Kf6 45. g5+ Ke6 46. Kg4 Kd5 47. h5 Nc2 48. hxg6 hxg6 49. Rb6 Nb4 50. Bxg6 Rc6 51. Bf7+ Kc5 52. Rxc6+ Nxc6 53. g6 Ne7 54. g7 Kd4 55. g8Q Nxg8 56. Bxg8 a4 57. Ba2 Kd3 58. Kf3 e4+ 59. Kxf4 1/2-1/2

[Event "Dortmund op-A"]
[Site "Dortmund"]
[Date "2004.07.25"]
[Round "3"]
[White "Stuckenschneider, Martin"]
[Black "Barskij, Alexander"]
[Result "1-0"]
[WhiteElo "1876"]
[BlackElo "2038"]
[PlyCount "83"]
[EventDate "2004.07.??"]
[EventType "swiss"]
[EventRounds "9"]
[EventCountry "GER"]
[SourceTitle "EXT 2006"]
[Source "ChessBase"]
[SourceDate "2005.11.24"]
[SourceVersion "1"]
[SourceVersionDate "2005.11.24"]
[SourceQuality "1"]

1. d4 Nf6 2. c4 g6 3. Nc3 d5 4. Nf3 Bg7 5. cxd5 Nxd5 6. e4 Nxc3 7. bxc3 c5 8. Rb1 0-0 9. Be2 cxd4 10. cxd4 Qa5+ 11. Bd2 Qxa2 12. 0-0 Nc6 13. Bg5 h6 14. Bh4 g5 15. Bg3 g4 16. Ne5 Nxe5 17. dxe5 Be6 18. Bxg4 Rad8 19. Qf3 Rd7 20. Ra1 Bxg4 21. Qxg4 Qe6 22. Qxe6 fxe6 23. Rxa7 h5 24. f4 Bh6 25. h4 Rd3 26. Kh2 Rb3 27. Rf3 Rb4 28. f5 Rxe4 29. f6 exf6 30. exf6 Rf7 31. Ra5 Kh7 32. Rxh5 Kg6 33. Re5 Rxe5 34. Bxe5 b5 35. g4 Bd2 36. Rd3 Be1 37. Kh3 Rh7 38. h5+ Kg5 39. Rf3 Bd2 40. f7 Bb4 41. Bf4+ Kf6 42. Bd6+ 1-0

[Event "Baunatal op 7th"]
[Site "Baunatal"]
[Date "2001.08.15"]
[Round "7"]
[White "Overbeck, Thorsten"]
[Black "Stuckenschneider, Martin"]
[Result "1/2-1/2"]
[WhiteElo "2153"]
[BlackElo "1858"]
[PlyCount "43"]
[EventDate "2001.08.08"]
[EventType "swiss"]
[EventRounds "7"]
[EventCountry "GER"]
[SourceTitle "EXT 2002"]
[Source "ChessBase"]
[SourceDate "2001.11.25"]
[SourceVersion "1"]
[SourceVersionDate "2001.11.25"]
[SourceQuality "1"]

1. d4 Nf6 2. c4 g6 3. Nf3 Bg7 4. Nc3 d5 5. cxd5 Nxd5 6. Qb3 Nxc3 7. bxc3 0-0 8. e3 c5 9. Ba3 cxd4 10. Nxd4 Qc7 11. Be2 Nc6 12. 0-0 Nxd4 13. exd4 Be6 14. d5 Bf5 15. Rac1 Be5 16. g3 h5 17. f4 Bd6 18. c4 Bxa3 19. Qxa3 Rfd8 20. Rfd1 b6 21. Bf3 Rac8 22. Kg2 1/2-1/2

[Event "Baunatal op 7th"]
[Site "Baunatal"]
[Date "2001.08.14"]
[Round "6"]
[White "Stuckenschneider, Martin"]
[Black "Baladjaev, Emin"]
[Result "1-0"]
[WhiteElo "1858"]
[BlackElo "1622"]
[PlyCount "61"]
[EventDate "2001.08.08"]
[EventType "swiss"]
[EventRounds "7"]
[EventCountry "GER"]
[SourceTitle "EXT 2002"]
[Source "ChessBase"]
[SourceDate "2001.11.25"]
[SourceVersion "1"]
[SourceVersionDate "2001.11.25"]
[SourceQuality "1"]

1. d4 Nf6 2. c4 g6 3. Nc3 Bg7 4. e4 d6 5. f4 0-0 6. Nf3 c5 7. d5 Ne8 8. Be2 Bg4 9. Be3 f5 10. Ng5 Bxe2 11. Qxe2 Nc7 12. exf5 Rxf5 13. 0-0 h6 14. Nf3 Rf8 15. Qd3 Qe8 16. Nh4 Kh7 17. f5 gxf5 18. Nxf5 Qg6 19. Qe4 Rf7 20. Nxg7 Rxf1+ 21. Rxf1 Qxe4 22. Nxe4 Kxg7 23. Ng3 Kg6 24. Nf5 Nba6 25. Nxe7+ Kh7 26. Rf7+ Kh8 27. Bxh6 Ne8 28. g4 Nb4 29. g5 Nd3 30. g6 Ne5 31. Rh7# 1-0

[Event "Baunatal op 7th"]
[Site "Baunatal"]
[Date "2001.08.09"]
[Round "3"]
[White "Poetsch, Hagen"]
[Black "Stuckenschneider, Martin"]
[Result "0-1"]
[WhiteElo "1350"]
[BlackElo "1858"]
[PlyCount "72"]
[EventDate "2001.08.08"]
[EventType "swiss"]
[EventRounds "7"]
[EventCountry "GER"]
[SourceTitle "EXT 2002"]
[Source "ChessBase"]
[SourceDate "2001.11.25"]
[SourceVersion "1"]
[SourceVersionDate "2001.11.25"]
[SourceQuality "1"]

1. e4 c5 2. Nf3 d6 3. Nc3 Nf6 4. d4 cxd4 5. Nxd4 a6 6. Bc4 e6 7. Bg5 Be7 8. 0-0 0-0 9. Qd2 Nc6 10. Nxc6 bxc6 11. Qe2 d5 12. exd5 cxd5 13. Bd3 Bb7 14. Bxf6 Bxf6 15. Rad1 Qc7 16. Qd2 Rac8 17. Ne2 Bxb2 18. Rb1 Be5 19. f4 Bd6 20. Rb3 Bc6 21. Bxa6 Qa7+ 22. Kh1 Qxa6 23. Ng3 Ba4 24. Rbf3 Rxc2 25. Qd4 Qc4 26. Qxc4 Rxc4 27. Nh5 Rfc8 28. f5 Rc1 29. fxe6 fxe6 30. g3 Bd1 31. Nf6+ gxf6 32. Rxf6 Be5 33. R6f2 Bc2 34. Rxc1 Be4+ 35. Kg1 Rxc1+ 36. Rf1 Bd4# 0-1

[Event "Baunatal op 7th"]
[Site "Baunatal"]
[Date "2001.08.08"]
[Round "1"]
[White "Voloshin, Leonid"]
[Black "Stuckenschneider, Martin"]
[Result "1-0"]
[WhiteElo "2426"]
[BlackElo "1858"]
[PlyCount "51"]
[EventDate "2001.08.08"]
[EventType "swiss"]
[EventRounds "7"]
[EventCountry "GER"]
[SourceTitle "EXT 2002"]
[Source "ChessBase"]
[SourceDate "2001.11.25"]
[SourceVersion "1"]
[SourceVersionDate "2001.11.25"]
[SourceQuality "1"]

1. d4 Nf6 2. Nc3 d5 3. Bg5 Nbd7 4. Nf3 e6 5. e4 dxe4 6. Nxe4 Be7 7. Bxf6 Nxf6 8. Nxf6+ Bxf6 9. c3 Bd7 10. Qb3 Bc6 11. Bb5 Qd5 12. Qxd5 exd5 13. Bxc6+ bxc6 14. 0-0-0 0-0 15. Rhe1 Rfe8 16. Rxe8+ Rxe8 17. Re1 Rxe1+ 18. Nxe1 Kf8 19. Kc2 Ke7 20. Nd3 Kd6 21. Kb3 Kd7 22. Kb4 Kc8 23. Ka5 g6 24. Ka6 Kb8 25. Nb4 c5 26. dxc5 1-0